| 000 | 00897mam a2200313 a 4500 | ||
|---|---|---|---|
| 001 | 3049657 | ||
| 003 | OSt | ||
| 005 | 20170105101217.0 | ||
| 008 | 000720s2000 pk b 000 0 eng | ||
| 010 | _a 00282861 | ||
| 025 | _aP-E-00282861; 10 | ||
| 035 | _a(OCoLC)ocm45493277 | ||
| 035 | _a(NNC)3049657 | ||
| 040 |
_aDLC _cDLC |
||
| 042 | _alcode | ||
| 043 | _aa-pk--- | ||
| 050 | 0 | 0 |
_aHF3790.5 _b.K45 2000 |
| 082 | 0 | 0 |
_a382/.095491 _221 |
| 100 | 1 | _aKhan, Ashfaque H. | |
| 245 | 1 | 0 |
_aPakistan and emerging global trading environment : _bchallenges and opportunities / _cAshfaque H. Khan, Zafar Mahmood. |
| 260 |
_aLahore : _bVanguard, _c2000. |
||
| 300 |
_aiii, 218 p. ; _c22 cm. |
||
| 504 | _aIncludes bibliographical references. | ||
| 651 | 0 |
_aPakistan _xCommerce. |
|
| 651 | 0 |
_aPakistan _xEconomic policy. |
|
| 700 | 1 | _aMahmood, Zafar. | |
| 942 |
_2ddc _cBK |
||
| 999 |
_c3447 _d3447 |
||